Normale Ansicht MARC-Ansicht ISBD

Die Europapolitik der Sowjet-Union / (Titelsatznr. 26031)

[ MARC ]
MARC-Details
000 -Satzkennung
Kontrollfeld mit fester Länge 00500nam a22001931c 4500
001 - Kontrollnummer
Kontrollfeld a987674927
003 - Kontrollnummer Identifier
Kontrollfeld RU-10907106
005 - Datum und Zeit der letzten Transaktion
Kontrollfeld 20240123121259.0
008 - Feld mit fester Länge zur physischen Beschreibung - Allgemeine Angaben
Kontrollfeld mit fester Länge 151125s1968 gw |||| 000u ger d
040 ## - Katalogisierungsquelle
Übertragungsstelle RU-10907106
041 ## - Sprachcode
Sprachcode des Textes/der Tonspur oder des separaten Titels ger
100 1# - Haupteintragung - Personenname
Personenname Paulsen, Sigurd
Koha-Normdatenidentnummer 60294
245 04 - Titel
Titel Die Europapolitik der Sowjet-Union /
Verfasserangabe etc. Sigurd Paulsen
264 ## - Produktion, Veröffentlichung, Distribution, Herstellung und Urheberrechtsvermerk
Herstellungs-, Veröffentlichungs- Vertriebs-, Erzeugungsort Triosdorf :
Produzent, Herausgeber, Distributor, Hersteller Kammweg-Verl,
Datum der Herstellung, der Veröffentlichung, des Vertriebs oder des Urheberschutzvermerks [1968]
300 ## - Physische Beschreibung
Umfang 130 S. ; 8-o
650 #0 - Nebeneintragung unter einem Schlagwort - Sachschlagwort
Sachschlagwort oder geografischer Name als Eintragungselement Außenpolitik
651 #0 - Nebeneintragung unter einem Schlagwort - Geografischer Name
Geografischer Name Sowjetunion
942 ## - Zusätzliche Felder (Koha)
Koha-Medientyp Monographien
Klassifikation oder Aufstellungssystematik Andere/Generische Klassifikation
Exemplare
Ausgeschieden Verloren Klassifikation oder Aufstellungssystematik Beschädigt Nicht entleihbar Heimatbibliothek Aufenthaltsbibliothek Aufstellungsort Erwerbungsdatum Inventarnummer Signatur Barcode Letzte Aktivität Preis gültig von Koha-Medientyp
    Andere/Generische Klassifikation     MWN Osteuropa MWN Osteuropa Magazin - 2 25/11/2015 15-01489 Ersatzß R 64 c Pau E0040150790BF818 23/02/2021 22/03/2021 Monographien